LEADER 01005cam0 22002771 450 001 SOBE00084021 005 20250716085757.0 100 $a20250716d1967 |||||ita|0103 ba 101 $aita 102 $aIT 200 1 $a<>Futurismo. Parte seconda$ftesto di Maurizio Calvesi 210 $aMilano$cFabbri$d1967 215 $aP. 120-192$cill.$d32 cm 225 2 $aarte moderna$f[direttore Franco Russoli]$v14 410 1$1001SOBE00084008$12001 $aL'*arte moderna / [direttore Franco Russoli]$v14 500 10$a<>Futurismo$3SOBA00034938$9299636 700 1$aCalvesi$b, Maurizio <1927-2020>$3AF00009823$4070$036175 801 0$aIT$bUNISOB$c20250716$gRICA 850 $aUNISOB 852 $aUNISOB$jFondo|Calì$m183789 912 $aSOBE00084021 940 $aM 102 Monografia moderna SBN 941 $aM 957 $aFondo|Calì$b001396$gSI$d183789$n20250520$hCali$rDono$tI$1rovito$2UNISOB$3UNISOB$420250716085616.0$520250716085651.0$6rovito 996 $aFuturismo$9299636 997 $aUNISOB